[Event "Junior Online 4NCL Division 2"]
[Site "online"]
[Date "2020.05.21"]
[Round "6.28"]
[White "Xu, Albert"]
[Black "Zeng, Royce"]
[Result "1-0"]
[WhiteElo "1450"]
[BlackElo "1562"]
[PlyCount "153"]
[EventDate "2020.05.21"]
[WhiteTeam "Cambridge Chess & Go A"]
[BlackTeam "Ojays C"]

1. e4 e5 2. Nf3 Nc6 3. Nc3 Nf6 4. Bc4 Bc5 5. O-O O-O 6. Bb3 d6 7. h3 Be6 8. d3
h6 9. Na4 Bb6 10. Nxb6 axb6 11. Be3 d5 12. exd5 Nxd5 13. Bd2 Re8 14. Re1 Nf6
15. Nxe5 Bxb3 16. Nxc6 Bxc2 17. Qxc2 bxc6 18. Qxc6 Qxd3 19. Bc3 Ne4 20. Rad1
Qc2 21. Rc1 Qa4 22. Qxa4 Rxa4 23. f3 Nd6 24. Rxe8+ Nxe8 25. Re1 Nd6 26. a3 Nb5
27. Re8+ Kh7 28. Be5 Rc4 29. Re7 Kg8 30. Re8+ Kh7 31. Kh2 Nd6 32. Re7 Nb5 33.
Rxf7 Kg6 34. Rxg7+ Kf5 35. Bg3 Nd6 36. Rd7 Ke6 37. Rh7 Rc2 38. Rxh6+ Kd5 39. b4
Nf5 40. Rh5 Ke6 41. Bf4 Ng7 42. Rh7 Nf5 43. Rxc7 Ra2 44. Rc6+ Kd7 45. Rxb6 Rxa3
46. Rf6 Nd6 47. Rxd6+ Ke7 48. b5 Rb3 49. b6 Rb4 50. Bg3 Rb5 51. Rh6 Kd7 52. Bc7
Rb3 53. h4 Rb4 54. Kh3 Rb5 55. h5 Rb4 56. g4 Rb3 57. Kg3 Rb1 58. g5 Rg1+ 59.
Kf4 Rb1 60. Rd6+ Kc8 61. Rd8+ Kb7 62. g6 Rb4+ 63. Kg5 Rb5+ 64. Kf6 Rxh5 65. g7
Rg5 66. Kxg5 Ka6 67. g8=Q Kb7 68. f4 Kc6 69. f5 Kb7 70. f6 Kc6 71. f7 Kb7 72.
f8=Q Ka6 73. Qf3 Kb5 74. b7 Kc5 75. Rd7 Kb5 76. b8=Q+ Kc5 77. Qc3# 1-0

[Event "Junior Online 4NCL Division 2"]
[Site "online"]
[Date "2020.05.21"]
[Round "6.31"]
[White "Pal, Rohan"]
[Black "Petkov, Anton"]
[Result "1/2-1/2"]
[WhiteElo "1772"]
[BlackElo "1793"]
[PlyCount "92"]
[EventDate "2020.05.21"]
[WhiteTeam "Hallfield School A"]
[BlackTeam "TSK Tigers A"]

1. e4 c5 2. Nf3 g6 3. d4 cxd4 4. Nxd4 Bg7 5. c4 Nc6 6. Be3 Nf6 7. Nc3 d6 8. Be2
O-O 9. O-O Nxd4 10. Bxd4 Bd7 11. Rc1 Qa5 12. Qd2 Rfc8 13. Rfd1 a6 14. f3 b5 15.
Nd5 Qxd2 16. Nxf6+ Bxf6 17. Rxd2 Bxd4+ 18. Rxd4 Rc6 19. Rcd1 bxc4 20. Bxc4 Rac8
21. b3 a5 22. e5 d5 23. Rxd5 Be6 24. Rd8+ Rxd8 25. Rxd8+ Kg7 26. Bxe6 fxe6 27.
Rd2 g5 28. g3 Kg6 29. g4 Rc5 30. Re2 h5 31. Kf2 Rd5 32. Kg3 Rd3 33. Rc2 hxg4
34. Kxg4 Rd4+ 35. Kg3 Kf5 36. Rc7 Kxe5 37. Rxe7 Rd2 38. a4 Rd3 39. Ra7 Kf6 40.
Rxa5 Rxb3 41. Ra8 Ra3 42. a5 e5 43. Kg4 Ra4+ 44. Kg3 Ra3 45. Kf2 Ra2+ 46. Kg3
Ra3 1/2-1/2

[Event "Junior Online 4NCL Division 2"]
[Site "online"]
[Date "2020.05.21"]
[Round "6.32"]
[White "Wu, Yuxuan"]
[Black "Monga, Kanav"]
[Result "0-1"]
[WhiteElo "1523"]
[BlackElo "1645"]
[PlyCount "66"]
[EventDate "2020.05.21"]
[WhiteTeam "TSK Tigers A"]
[BlackTeam "Hallfield School A"]

1. c4 e6 2. g3 d5 3. cxd5 exd5 4. Bg2 c6 5. Nf3 Nf6 6. d3 Be7 7. Nc3 O-O 8. O-O
Bg4 9. h3 Bh5 10. Bf4 Nbd7 11. Kh2 Qb6 12. Qc2 Bg6 13. Nh4 Bh5 14. Be3 Qc7 15.
Bf4 Qb6 16. Be3 Qc7 17. Nf5 Bb4 18. a3 Ba5 19. b4 Bb6 20. Bxb6 axb6 21. Ne7+
Kh8 22. f4 Rfe8 23. Nf5 c5 24. Nxd5 Nxd5 25. Bxd5 Rxe2+ 26. Qxe2 Bxe2 27. Rf2
Bxd3 28. Ne3 Bg6 29. Kg2 Nf6 30. f5 Bxf5 31. Rxf5 Rd8 32. Bf3 Rd2+ 33. Kf1 Qxg3
0-1

[Event "Junior Online 4NCL Division 2"]
[Site "online"]
[Date "2020.05.21"]
[Round "6.33"]
[White "Amir, Zain"]
[Black "Swamy, Anshul"]
[Result "1/2-1/2"]
[WhiteElo "1562"]
[BlackElo "1472"]
[PlyCount "123"]
[EventDate "2020.05.21"]
[WhiteTeam "Hallfield School A"]
[BlackTeam "TSK Tigers A"]

1. c4 Nc6 2. Nc3 Nf6 3. g3 e5 4. Bg2 Bc5 5. e3 O-O 6. Nge2 d6 7. O-O Re8 8. a3
a5 9. d3 Be6 10. d4 exd4 11. exd4 Bxc4 12. dxc5 dxc5 13. Qxd8 Raxd8 14. Bg5
Bxe2 15. Nxe2 Rxe2 16. Bxf6 gxf6 17. Rac1 Rxb2 18. Rxc5 Rd6 19. Re1 Rb3 20.
Re8+ Kg7 21. Rc8 Rxa3 22. Rxc7 Ra1+ 23. Bf1 Rdd1 24. Rc4 Rxf1+ 25. Kg2 Rg1+ 26.
Kh3 Ne5 27. Rh4 Rh1 28. f4 Rxh2+ 29. Kxh2 Ra2+ 30. Kh3 Nf3 31. Rg4+ Kf8 32.
Rc8+ Ke7 33. Rgg8 f5 34. Rge8+ Kd7 35. Rcd8+ Kc7 36. Rc8+ Kd7 37. Red8+ Ke7 38.
g4 Ng1+ 39. Kh4 Nf3+ 40. Kg3 Ne1 41. Re8+ Kd7 42. Rcd8+ Kc7 43. Rd1 Nc2 44. Rc1
a4 45. Re2 Ra3+ 46. Kf2 Ra2 47. Rexc2+ Rxc2+ 48. Rxc2+ Kb6 49. Ra2 Kb5 50. Ke2
Kb4 51. Kd2 Kb3 52. Ra1 fxg4 53. Ke2 a3 54. Kf2 Kb2 55. Re1 a2 56. Re2+ Kb1 57.
Re1+ Kb2 58. Re2+ Ka3 59. Re3+ Kb4 60. Re4+ Kb3 61. Re3+ Kb2 62. Re2+ 1/2-1/2

[Event "Junior Online 4NCL Division 2"]
[Site "online"]
[Date "2020.05.21"]
[Round "6.34"]
[White "Bagga, Khushi"]
[Black "Muthuvelu, Rithvik"]
[Result "1-0"]
[WhiteElo "1059"]
[BlackElo "1337"]
[PlyCount "93"]
[EventDate "2020.05.21"]
[WhiteTeam "TSK Tigers A"]
[BlackTeam "Hallfield School A"]

1. e4 e5 2. Nf3 Nc6 3. Nc3 Nf6 4. d4 Bb4 5. Nxe5 Nxe5 6. dxe5 Nxe4 7. Bd2 d6 8.
Nxe4 O-O 9. Bxb4 Bf5 10. Bd3 d5 11. Ng3 Bxd3 12. Qxd3 Re8 13. Bc3 b5 14. O-O c5
15. Qxb5 d4 16. Ba5 Qe7 17. Rfe1 Reb8 18. Qc6 Rc8 19. Qd5 Qe6 20. Qxe6 fxe6 21.
c3 d3 22. Red1 c4 23. b3 Rc5 24. Bb4 Rxe5 25. bxc4 Rd8 26. c5 Red5 27. c6 Rc8
28. c4 Rd4 29. Bc5 Rxc4 30. Bxa7 Rd8 31. c7 Rxc7 32. Bb6 Rcc8 33. Bxd8 Rxd8 34.
a4 Kf7 35. a5 Ke7 36. a6 Ra8 37. Rxd3 Ra7 38. Rb3 Kf7 39. Rb7+ Rxb7 40. axb7
Kg6 41. b8=Q Kg5 42. Ra5+ Kf6 43. Qd8+ Kg6 44. Qg5+ Kf7 45. Ra7+ Ke8 46. Qb5+
Kd8 47. Qb8# 1-0

[Event "Junior Online 4NCL Division 2"]
[Site "online"]
[Date "2020.05.21"]
[Round "6.35"]
[White "Petkov, Anton"]
[Black "Pal, Rohan"]
[Result "1-0"]
[WhiteElo "1793"]
[BlackElo "1772"]
[PlyCount "87"]
[EventDate "2020.05.21"]
[WhiteTeam "TSK Tigers A"]
[BlackTeam "Hallfield School A"]

1. e4 e5 2. f4 d5 3. exd5 exf4 4. Nf3 Nf6 5. Bc4 Bd6 6. O-O O-O 7. Nc3 c6 8.
dxc6 Nxc6 9. d4 Qb6 10. Ne2 Bg4 11. c3 Rad8 12. Bb3 Ne5 13. Nxe5 Bxe5 14. Bxf4
Bxf4 15. Rxf4 Rfe8 16. Rf2 Qa6 17. c4 Qe6 18. Nf4 Qe3 19. Qd2 Qxd4 20. Qxd4
Rxd4 21. Kf1 Ne4 22. Re1 Nd2+ 23. Rxd2 Rxf4+ 24. Rf2 Rxf2+ 25. Kxf2 Rxe1 26.
Kxe1 Be6 27. c5 Bxb3 28. axb3 Kf8 29. b4 Ke7 30. b5 Kd7 31. b4 b6 32. c6+ Kc7
33. Kd2 a6 34. bxa6 Kxc6 35. b5+ Kc7 36. Ke3 Kb8 37. Ke4 Kc7 38. Ke5 h5 39. Kf5
g6+ 40. Kf6 Kb8 41. Kxf7 g5 42. Kg6 g4 43. Kxh5 g3 44. hxg3 1-0

[Event "Junior Online 4NCL Division 2"]
[Site "online"]
[Date "2020.05.21"]
[Round "6.36"]
[White "Monga, Kanav"]
[Black "Wu, Yuxuan"]
[Result "1-0"]
[WhiteElo "1645"]
[BlackElo "1523"]
[PlyCount "53"]
[EventDate "2020.05.21"]
[WhiteTeam "Hallfield School A"]
[BlackTeam "TSK Tigers A"]

1. d4 Nf6 2. Bf4 g6 3. Nc3 Bg7 4. e4 d6 5. Qd2 O-O 6. O-O-O c6 7. Nf3 b5 8. Bd3
b4 9. Na4 a5 10. Bh6 Bd7 11. h4 c5 12. h5 Bxa4 13. hxg6 fxg6 14. Bxg7 Kxg7 15.
Qh6+ Kf7 16. Ng5+ Ke8 17. Ne6 Qb6 18. Qxf8+ Kd7 19. dxc5 Qc6 20. Qd8+ Kxe6 21.
Bc4+ Ke5 22. Qxe7+ Kf4 23. g3+ Kg5 24. f4+ Kg4 25. Qxf6 Qxe4 26. Qg5+ Kf3 27.
Rdf1+ 1-0

[Event "Junior Online 4NCL Division 2"]
[Site "online"]
[Date "2020.05.21"]
[Round "6.37"]
[White "Swamy, Anshul"]
[Black "Amir, Zain"]
[Result "0-1"]
[WhiteElo "1472"]
[BlackElo "1562"]
[PlyCount "116"]
[EventDate "2020.05.21"]
[WhiteTeam "TSK Tigers A"]
[BlackTeam "Hallfield School A"]

1. e4 Nc6 2. Nf3 d6 3. Nc3 Nf6 4. d4 Bg4 5. Bc4 e6 6. O-O Be7 7. Bf4 O-O 8. h3
Bh5 9. Re1 e5 10. dxe5 Nxe5 11. Bxe5 dxe5 12. Qxd8 Raxd8 13. Nxe5 Bd6 14. Nd3
Be7 15. e5 Ne8 16. f3 c6 17. Rad1 Nc7 18. Nf4 Bc5+ 19. Kh1 Bg6 20. Nxg6 hxg6
21. Rxd8 Rxd8 22. Rd1 Rxd1+ 23. Nxd1 b5 24. Bb3 a5 25. a3 a4 26. Ba2 Bd4 27. f4
Ne6 28. g3 Kh7 29. b3 axb3 30. Bxb3 Bc5 31. a4 Kh6 32. axb5 cxb5 33. Nc3 b4 34.
Ne4 Bb6 35. Nd6 Kh7 36. Nxf7 Nd4 37. e6 Bc5 38. Kg2 Kg8 39. Kf1 Kf8 40. Ke1 Ke7
41. Ng5 Nf5 42. g4 Nd4 43. h4 Bd6 44. f5 gxf5 45. gxf5 Nxf5 46. Ne4 Nxh4 47.
Nxd6 Kxd6 48. Ke2 g5 49. Kf2 Nf5 50. Kf3 Nd4+ 51. Kg4 Nxb3 52. cxb3 Kxe6 53.
Kxg5 Kd5 54. Kf4 Kd4 55. Kf3 Kc3 56. Ke3 Kxb3 57. Kd2 Ka2 58. Kc1 b3 0-1

[Event "Junior Online 4NCL Division 2"]
[Site "online"]
[Date "2020.05.21"]
[Round "6.38"]
[White "Muthuvelu, Rithvik"]
[Black "Bagga, Khushi"]
[Result "1/2-1/2"]
[WhiteElo "1337"]
[BlackElo "1059"]
[PlyCount "149"]
[EventDate "2020.05.21"]
[WhiteTeam "Hallfield School A"]
[BlackTeam "TSK Tigers A"]

1. e4 e5 2. Nf3 Nc6 3. Bc4 Bc5 4. Nc3 Nf6 5. d3 O-O 6. Bg5 h6 7. Bh4 d6 8. h3
Be6 9. Nd5 Bxd5 10. Bxd5 Re8 11. O-O Nb4 12. a3 Nbxd5 13. exd5 c6 14. dxc6 bxc6
15. Nh2 Bd4 16. Qf3 Re6 17. c3 e4 18. dxe4 Rxe4 19. Qxe4 Nxe4 20. Bxd8 Rxd8 21.
cxd4 Rb8 22. Rab1 Nd2 23. Rfd1 Nxb1 24. Rxb1 c5 25. dxc5 dxc5 26. b4 cxb4 27.
axb4 a5 28. b5 a4 29. Rb4 a3 30. Ra4 Rxb5 31. Rxa3 Rb1+ 32. Nf1 g5 33. g4 Kg7
34. Kg2 Kg6 35. Nd2 Rd1 36. Ne4 Rd4 37. Ra6+ Kg7 38. Nc5 Rf4 39. Ra7 Kg6 40.
Ra6+ Kg7 41. Kg3 Rc4 42. Nd7 Rc3+ 43. Kg2 Rd3 44. Ne5 Rd5 45. Nc4 f5 46. Nb6
Rb5 47. Ra7+ Kg6 48. gxf5+ Rxf5 49. Nc8 Re5 50. Ra6+ Kg7 51. Ra7+ Kg6 52. Nd6
Re6 53. Nc4 Kf5 54. Nd2 Kf4 55. Ra5 Re2 56. Ra4+ Kf5 57. Nf3 Kg6 58. Ra6+ Kh7
59. Nd4 Re4 60. Nf5 Re5 61. Rxh6+ Kg8 62. Nd6 Kg7 63. Rh5 Kg6 64. Rh8 Kg7 65.
Rd8 Re6 66. Rd7+ Kf6 67. Rf7+ Kg6 68. Rd7 Kf6 69. Rd8 Kg6 70. Ne8 Re7 71. Rd6+
Kf5 72. Rd5+ Kg6 73. Rd6+ Kh5 74. Rd5 Kg6 75. Rd6+ 1/2-1/2

[Event "Junior Online 4NCL Division 2"]
[Site "online"]
[Date "2020.05.21"]
[Round "6.41"]
[White "Balasundaram, Sivasatyan"]
[Black "Merriman, James"]
[Result "0-1"]
[WhiteElo "1757"]
[BlackElo "1967"]
[PlyCount "80"]
[EventDate "2020.05.21"]
[WhiteTeam "Harrow Juniors A"]
[BlackTeam "KJCA Young Kestrels B"]

1. d4 Nf6 2. c4 e6 3. Nc3 Bb4 4. Nf3 b6 5. Bg5 h6 6. Bh4 g5 7. Bg3 Ne4 8. Qc2
Bb7 9. e3 f5 10. Be5 Rg8 11. h3 Bxc3+ 12. bxc3 d6 13. Bh2 Nd7 14. Bd3 Ndf6 15.
Nd2 Nxd2 16. Qxd2 Bxg2 17. Rg1 Bb7 18. Qe2 Qe7 19. f3 O-O-O 20. e4 fxe4 21.
fxe4 e5 22. d5 Kb8 23. a4 a5 24. Bc2 Nd7 25. Rf1 Nc5 26. Bg1 Nd7 27. Be3 Ba6
28. Bb3 Nf6 29. Bd2 g4 30. hxg4 Rxg4 31. Bc2 Rdg8 32. O-O-O Nh5 33. Be1 Nf4 34.
Qd2 Bxc4 35. Rh1 Qg5 36. Bf2 Rg2 37. Rdg1 Ne2+ 38. Kd1 Nxg1 39. Rxg1 Rxg1+ 40.
Bxg1 Qxg1+ 0-1

[Event "Junior Online 4NCL Division 2"]
[Site "online"]
[Date "2020.05.21"]
[Round "6.42"]
[White "Bansal, Saahil"]
[Black "Truscott, Philip E"]
[Result "1-0"]
[WhiteElo "1915"]
[BlackElo "1660"]
[PlyCount "47"]
[EventDate "2020.05.21"]
[WhiteTeam "KJCA Young Kestrels B"]
[BlackTeam "Harrow Juniors A"]

1. d4 d5 2. c4 e6 3. cxd5 exd5 4. Nc3 Nf6 5. Bg5 Be7 6. Qc2 O-O 7. e3 h6 8. Bh4
Nc6 9. a3 Be6 10. Bd3 Re8 11. Nf3 a6 12. O-O Na7 13. Rfe1 c5 14. dxc5 Bxc5 15.
e4 d4 16. Na4 g5 17. Nxg5 b6 18. Nxc5 bxc5 19. Nxe6 fxe6 20. e5 c4 21. Bh7+ Kg7
22. Qg6+ Kf8 23. Bxf6 Qd7 24. Qg8# 1-0

[Event "Junior Online 4NCL Division 2"]
[Site "online"]
[Date "2020.05.21"]
[Round "6.43"]
[White "Khanna, Pranav"]
[Black "Moore, Eoin"]
[Result "0-1"]
[WhiteElo "1607"]
[BlackElo "1735"]
[PlyCount "42"]
[EventDate "2020.05.21"]
[WhiteTeam "Harrow Juniors A"]
[BlackTeam "KJCA Young Kestrels B"]

1. e4 e6 2. d4 d5 3. e5 c5 4. c3 Qb6 5. Nf3 Nc6 6. Be3 Qxb2 7. Nbd2 Qxc3 8. Rc1
Qa5 9. dxc5 Nge7 10. Qb3 Nf5 11. Bb5 Nxe3 12. fxe3 Be7 13. O-O O-O 14. e4 Nxe5
15. exd5 Nxf3+ 16. Nxf3 exd5 17. Rfe1 Be6 18. Nd4 Bg5 19. Nxe6 Bxc1 20. Nxf8
Qxe1+ 21. Bf1 Be3+ 0-1

[Event "Junior Online 4NCL Division 2"]
[Site "online"]
[Date "2020.05.21"]
[Round "6.44"]
[White "Dorman, Orla"]
[Black "Patel, Krrish"]
[Result "1-0"]
[WhiteElo "1660"]
[BlackElo "1517"]
[PlyCount "93"]
[EventDate "2020.05.21"]
[WhiteTeam "KJCA Young Kestrels B"]
[BlackTeam "Harrow Juniors A"]

1. e4 c5 2. Nf3 Nc6 3. c3 e6 4. d4 cxd4 5. cxd4 d5 6. e5 g6 7. Be2 Nge7 8. O-O
Bg7 9. Nc3 O-O 10. Be3 Nf5 11. Qd2 Nxe3 12. Qxe3 Bd7 13. Nb5 Be8 14. Nd6 Ne7
15. Nxb7 Qb6 16. Qb3 Qxb3 17. axb3 Bc6 18. Nd6 Nc8 19. Nxc8 Rfxc8 20. Rfc1 Bf8
21. Ne1 a5 22. Nd3 Bd7 23. Rxc8 Bxc8 24. b4 a4 25. Nc5 Bxc5 26. bxc5 Bd7 27. b3
a3 28. Kf1 Bc6 29. Ke1 Kf8 30. Kd2 Ke7 31. Kc3 Kd7 32. Kb4 a2 33. Kc3 Kc7 34.
Kb2 Kb7 35. Rxa2 Rxa2+ 36. Kxa2 Bd7 37. b4 Bc6 38. Kb3 h5 39. h4 Be8 40. b5 Kc7
41. Kb4 Kb7 42. Ka5 Ka7 43. c6 Kb8 44. Kb6 Kc8 45. Kc5 Kc7 46. b6+ Kc8 47. Kd6
1-0

[Event "Junior Online 4NCL Division 2"]
[Site "online"]
[Date "2020.05.21"]
[Round "6.45"]
[White "Merriman, James"]
[Black "Balasundaram, Sivasatyan"]
[Result "1-0"]
[WhiteElo "1967"]
[BlackElo "1757"]
[PlyCount "85"]
[EventDate "2020.05.21"]
[WhiteTeam "KJCA Young Kestrels B"]
[BlackTeam "Harrow Juniors A"]

1. d4 Nf6 2. c4 g6 3. Nc3 Bg7 4. e4 d6 5. Nge2 O-O 6. Ng3 e5 7. d5 a5 8. h4 h5
9. Be2 Na6 10. Bg5 Nc5 11. Bxh5 gxh5 12. Nxh5 Kh7 13. Qf3 Kg6 14. Nxg7 Kxg7 15.
h5 Rg8 16. h6+ Kg6 17. h7 Rh8 18. Bxf6 Qxf6 19. Qh5+ Kg7 20. f3 Qg6 21. Qxg6+
fxg6 22. Nb5 Rxh7 23. Rxh7+ Kxh7 24. Nxc7 Rb8 25. Kd2 Na6 26. Nb5 Bd7 27. Nxd6
Kg7 28. a3 b6 29. Ke3 Rh8 30. Nb7 Rh2 31. Kf2 Nc5 32. b4 axb4 33. axb4 Nd3+ 34.
Ke3 Nxb4 35. Ra7 Kh6 36. Nd6 Bg4 37. Nf7+ Kh5 38. fxg4+ Kxg4 39. Nxe5+ Kg3 40.
Rg7 Kxg2 41. Rxg6+ Kf1 42. Rf6+ Kg1 43. Nf3+ 1-0

[Event "Junior Online 4NCL Division 2"]
[Site "online"]
[Date "2020.05.21"]
[Round "6.46"]
[White "Truscott, Philip E"]
[Black "Bansal, Saahil"]
[Result "0-1"]
[WhiteElo "1660"]
[BlackElo "1915"]
[PlyCount "52"]
[EventDate "2020.05.21"]
[WhiteTeam "Harrow Juniors A"]
[BlackTeam "KJCA Young Kestrels B"]

1. e4 e6 2. b3 d5 3. Bb2 dxe4 4. Nc3 Nf6 5. Qe2 Nc6 6. Nxe4 Nxe4 7. Qxe4 Qd5 8.
Qxd5 exd5 9. O-O-O f6 10. Re1+ Kf7 11. Nf3 Bd7 12. c4 Bd6 13. cxd5 Nb4 14. a3
Nxd5 15. Bc4 c6 16. a4 Rac8 17. Bd4 b5 18. Bxd5+ cxd5+ 19. Kb2 bxa4 20. Bxa7
axb3 21. Kxb3 Rc7 22. Bd4 Rb8+ 23. Ka2 Rc2+ 24. Ka1 Rc4 25. Re3 Ra4+ 26. Ra3
Rxa3# 0-1

[Event "Junior Online 4NCL Division 2"]
[Site "online"]
[Date "2020.05.21"]
[Round "6.47"]
[White "Moore, Eoin"]
[Black "Khanna, Pranav"]
[Result "1-0"]
[WhiteElo "1735"]
[BlackElo "1607"]
[PlyCount "43"]
[EventDate "2020.05.21"]
[WhiteTeam "KJCA Young Kestrels B"]
[BlackTeam "Harrow Juniors A"]

1. d4 d5 2. c4 c6 3. Nc3 Nf6 4. Nf3 e6 5. Bg5 Be7 6. e3 h6 7. Bh4 O-O 8. cxd5
cxd5 9. Be2 Nc6 10. O-O Qb6 11. Qd2 Bd7 12. Rfc1 Rac8 13. Na4 Qb4 14. Qxb4 Nxb4
15. Nc5 Rc7 16. Ne5 Re8 17. Bxf6 Bxf6 18. Nexd7 Be7 19. a3 Nc6 20. Bb5 Bxc5 21.
Nxc5 Nd8 22. Bxe8 1-0

[Event "Junior Online 4NCL Division 2"]
[Site "online"]
[Date "2020.05.21"]
[Round "6.48"]
[White "Patel, Krrish"]
[Black "Dorman, Orla"]
[Result "0-1"]
[WhiteElo "1517"]
[BlackElo "1660"]
[PlyCount "76"]
[EventDate "2020.05.21"]
[WhiteTeam "Harrow Juniors A"]
[BlackTeam "KJCA Young Kestrels B"]

1. d4 Nf6 2. Bf4 d5 3. Nf3 c5 4. c3 Nc6 5. e3 Qb6 6. Qb3 c4 7. Qxb6 axb6 8. a3
Bf5 9. Nbd2 e6 10. Be2 Be7 11. O-O O-O 12. Nh4 Bg6 13. Nxg6 hxg6 14. Nf3 Rac8
15. Ne5 Ne4 16. Rfd1 Rfd8 17. Nf3 g5 18. Bg3 Nxg3 19. hxg3 Bf6 20. Re1 e5 21.
dxe5 Nxe5 22. Nxe5 Bxe5 23. Bg4 Rc7 24. Rad1 g6 25. f4 gxf4 26. gxf4 f5 27. Bf3
Bf6 28. Bxd5+ Kg7 29. Bf3 Rcd7 30. Rxd7+ Rxd7 31. Rd1 Re7 32. Kf2 b5 33. Rd6 g5
34. g3 gxf4 35. gxf4 Bh4+ 36. Ke2 Bg3 37. Kd2 Bf2 38. Rb6 Bxe3+ 0-1

[Event "Junior Online 4NCL Division 2"]
[Site "online"]
[Date "2020.05.21"]
[Round "6.51"]
[White "Hamilton, Melissa"]
[Black "Dasgupta, Avyukt"]
[Result "1-0"]
[WhiteElo "1667"]
[BlackElo "1585"]
[PlyCount "153"]
[EventDate "2020.05.21"]
[WhiteTeam "Marshall Artists"]
[BlackTeam "Watford 1"]

1. d4 Nf6 2. c4 e5 3. e3 Bb4+ 4. Bd2 Bxd2+ 5. Nxd2 exd4 6. exd4 d5 7. c5 Bf5 8.
Be2 O-O 9. Ngf3 Re8 10. O-O c6 11. b4 Nbd7 12. a4 Ne4 13. Nxe4 Bxe4 14. Bd3 Nf6
15. Ne5 Qe7 16. Re1 Qc7 17. Qc2 Bxd3 18. Qxd3 Ne4 19. f3 Ng5 20. Qf5 f6 21. Ng4
Qf7 22. Kf2 Ne6 23. Qd3 Nf4 24. Qc2 h5 25. Ne3 Ne6 26. Nf5 Qd7 27. Nd6 Nxd4 28.
Qd3 Rxe1 29. Rxe1 Ne6 30. Qf5 Nxc5 31. bxc5 Qxf5 32. Nxf5 Rb8 33. Re7 g6 34.
Nd6 Kf8 35. Rxb7 Rxb7 36. Nxb7 Ke7 37. Na5 Kd7 38. Ke3 Kc7 39. Kd4 Kd7 40. Nb3
Ke6 41. f4 Kd7 42. Kc3 Ke6 43. Nd4+ Kd7 44. Kb4 Kc7 45. a5 Kb7 46. Ne6 Ka6 47.
Nd8 d4 48. Nxc6 d3 49. Kc3 Kb5 50. Nxa7+ Kxc5 51. Kxd3 Kb4 52. Nc6+ Kb5 53. Ne7
Kxa5 54. Nxg6 f5 55. Ne7 Kb6 56. Nxf5 Kc5 57. Ke4 Kc6 58. Ke5 Kd7 59. Kf6 Ke8
60. Kg7 Kd7 61. Ng3 Ke6 62. f5+ Kd7 63. f6 Ke6 64. f7 Kd7 65. f8=Q Ke6 66. Nxh5
Ke5 67. g4 Ke4 68. Kh8 Kd3 69. Qe7 Kd4 70. g5 Kd3 71. g6 Kd4 72. g7 Kd3 73.
g8=Q Kd2 74. Qgd8+ Kc1 75. Qec7+ Kb2 76. Qdb8+ Ka3 77. Qca7# 1-0

[Event "Junior Online 4NCL Division 2"]
[Site "online"]
[Date "2020.05.21"]
[Round "6.52"]
[White "Nagda, Maanav"]
[Black "Deacon, Matthew"]
[Result "0-1"]
[WhiteElo "1600"]
[BlackElo "1660"]
[PlyCount "64"]
[EventDate "2020.05.21"]
[WhiteTeam "Watford 1"]
[BlackTeam "Marshall Artists"]

1. d4 Nf6 2. Nc3 d5 3. Bg5 e6 4. e4 Bb4 5. e5 Bxc3+ 6. bxc3 h6 7. Bxf6 gxf6 8.
exf6 Qxf6 9. Nf3 Nc6 10. Bd3 Bd7 11. Qe2 Rg8 12. Qf1 Qe7 13. Kd2 O-O-O 14. g3
f6 15. Re1 e5 16. dxe5 fxe5 17. Bb5 e4 18. Nd4 Nxd4 19. cxd4 Qb4+ 20. Kd1 Bxb5
21. Qh3+ Kb8 22. Qg2 Qxd4+ 23. Kc1 Qa1+ 24. Kd2 Qxa2 25. Ra1 Qc4 26. Rhe1 d4
27. Qxe4 Qc3+ 28. Kd1 Qxa1+ 29. Kd2 Qc3+ 30. Kd1 d3 31. Re3 Qxc2+ 32. Ke1 Qc1#
0-1

[Event "Junior Online 4NCL Division 2"]
[Site "online"]
[Date "2020.05.21"]
[Round "6.53"]
[White "Deacon, Nicholas"]
[Black "Holland, Gabriella"]
[Result "1-0"]
[WhiteElo "1412"]
[BlackElo "1570"]
[PlyCount "113"]
[EventDate "2020.05.21"]
[WhiteTeam "Marshall Artists"]
[BlackTeam "Watford 1"]

1. d4 e6 2. c4 d5 3. Nc3 Nf6 4. Bg5 Be7 5. Nf3 h6 6. Bh4 O-O 7. e3 Ne4 8. Bxe7
Qxe7 9. Rc1 Qb4 10. Qb3 Qxb3 11. axb3 Nxc3 12. Rxc3 Nc6 13. Bd3 Nb4 14. O-O Re8
15. Ne5 b6 16. Bb1 Bb7 17. Rfc1 Rac8 18. c5 bxc5 19. Rxc5 Ba6 20. Ra5 c5 21.
Raxc5 Rxc5 22. dxc5 f6 23. Ng6 Bd3 24. Bxd3 Nxd3 25. Rc2 Rb8 26. c6 Rc8 27.
Ne7+ Kf7 28. Nxc8 Nb4 29. Nd6+ Ke7 30. c7 Nxc2 31. c8=Q Kxd6 32. Qxc2 Ke5 33.
f4+ Kd6 34. Qc3 e5 35. fxe5+ fxe5 36. Qb4+ Ke6 37. Qf8 g5 38. Qxh6+ Kf5 39.
Qh3+ Ke4 40. Qf3+ Kd3 41. Kf2 d4 42. exd4+ Kxd4 43. Qg4+ e4 44. Qxg5 e3+ 45.
Qxe3+ Kd5 46. Qxa7 Ke5 47. Qe3+ Kd5 48. Qf4 Ke6 49. Qg5 Kd6 50. Qf5 Ke7 51. Qg6
Kf8 52. Qh7 Ke8 53. Kf3 Kd8 54. Ke4 Kc8 55. Kd5 Kb8 56. Kc6 Kc8 57. Qc7# 1-0

[Event "Junior Online 4NCL Division 2"]
[Site "online"]
[Date "2020.05.21"]
[Round "6.54"]
[White "Morrell, Sean"]
[Black "Blin, Sophia"]
[Result "1-0"]
[WhiteElo "1480"]
[BlackElo "1292"]
[PlyCount "29"]
[EventDate "2020.05.21"]
[WhiteTeam "Watford 1"]
[BlackTeam "Marshall Artists"]

1. e4 e5 2. Nf3 Nc6 3. Bc4 Bc5 4. O-O Nf6 5. d4 exd4 6. e5 Ng4 7. Bf4 Nh6 8.
Bxh6 gxh6 9. Qd2 h5 10. Qh6 d6 11. Qxh5 Qe7 12. exd6 Bxd6 13. Re1 Ne5 14. Nxe5
Bxe5 15. Rxe5 1-0

[Event "Junior Online 4NCL Division 2"]
[Site "online"]
[Date "2020.05.21"]
[Round "6.55"]
[White "Dasgupta, Avyukt"]
[Black "Hamilton, Melissa"]
[Result "1-0"]
[WhiteElo "1585"]
[BlackElo "1667"]
[PlyCount "89"]
[EventDate "2020.05.21"]
[WhiteTeam "Watford 1"]
[BlackTeam "Marshall Artists"]

1. e4 e5 2. f4 d6 3. Nf3 Bg4 4. h3 Bxf3 5. Qxf3 Nf6 6. Bc4 h6 7. O-O Nc6 8. c3
Be7 9. d3 O-O 10. Be3 exf4 11. Bxf4 Ne5 12. Bxe5 dxe5 13. Nd2 Bc5+ 14. Kh1 a6
15. Nb3 Ba7 16. Nd2 b5 17. Bb3 c5 18. a4 Bb6 19. axb5 axb5 20. Rad1 Qe7 21. g4
Rad8 22. Qe2 Nh7 23. Nf3 Ng5 24. Nxg5 Qxg5 25. Qf3 Qh4 26. Bxf7+ Kh8 27. Qg2
Rd7 28. Bd5 Rdd8 29. Bf7 Qe7 30. Bd5 Qa7 31. Rf5 Qe7 32. Qg3 Bc7 33. h4 c4 34.
dxc4 bxc4 35. Rg1 Qc5 36. g5 Rxf5 37. gxh6 g5 38. hxg5 Qf2 39. Qxf2 Rxf2 40. g6
Rxd5 41. g7+ Kg8 42. h7+ Kf7 43. g8=Q+ Ke7 44. Rg7+ Kd6 45. Qxd5# 1-0

[Event "Junior Online 4NCL Division 2"]
[Site "online"]
[Date "2020.05.21"]
[Round "6.56"]
[White "Deacon, Matthew"]
[Black "Nagda, Maanav"]
[Result "1-0"]
[WhiteElo "1660"]
[BlackElo "1600"]
[PlyCount "117"]
[EventDate "2020.05.21"]
[WhiteTeam "Marshall Artists"]
[BlackTeam "Watford 1"]

1. d4 e6 2. c4 d5 3. Nc3 Bb4 4. e3 Bxc3+ 5. bxc3 Nf6 6. Ba3 Nc6 7. Bd3 dxc4 8.
Bxc4 Ne7 9. Nf3 Bd7 10. O-O O-O 11. Ne5 Re8 12. Nxd7 Qxd7 13. Bb3 Nc6 14. Rb1
Rab8 15. Ba4 Red8 16. Qf3 a6 17. c4 h6 18. Qd1 Qc8 19. Bxc6 bxc6 20. Be7 Re8
21. Bxf6 gxf6 22. Qg4+ Kh7 23. Qe4+ Kg8 24. f4 Qd7 25. Rf3 Rxb1+ 26. Qxb1 e5
27. Rg3+ Kf8 28. Qb4+ Qd6 29. Qc3 exf4 30. exf4 Qxf4 31. Rf3 Qd6 32. Qd2 h5 33.
h3 Qe6 34. Qh6+ Ke7 35. Re3 Qxe3+ 36. Qxe3+ Kd8 37. Qf3 h4 38. Qxf6+ Kc8 39.
Qxc6 Rd8 40. Qxa6+ Kd7 41. Qb5+ Kc8 42. Qf5+ Kb7 43. Qxf7 Rxd4 44. Qf3+ Kb8 45.
Qb3+ Kc8 46. Kf2 Rd8 47. g3 Rf8+ 48. Kg2 Rg8 49. g4 Rd8 50. Qc2 Re8 51. Qf5+
Kb8 52. Qb5+ Kc8 53. Qxe8+ Kb7 54. c5 c6 55. Qd7+ Ka6 56. Qxc6+ Ka5 57. Qb6+
Ka4 58. c6 Ka3 59. Qb3# 1-0

[Event "Junior Online 4NCL Division 2"]
[Site "online"]
[Date "2020.05.21"]
[Round "6.57"]
[White "Holland, Gabriella"]
[Black "Deacon, Nicholas"]
[Result "1-0"]
[WhiteElo "1570"]
[BlackElo "1412"]
[PlyCount "43"]
[EventDate "2020.05.21"]
[WhiteTeam "Watford 1"]
[BlackTeam "Marshall Artists"]

1. e4 c5 2. d4 cxd4 3. c3 dxc3 4. Nf3 cxb2 5. Bxb2 Nc6 6. Bc4 e6 7. O-O Bc5 8.
Bxg7 f6 9. Bxh8 Qe7 10. e5 f5 11. Bf6 Nxf6 12. exf6 Qxf6 13. Nbd2 b6 14. Nb3
Be7 15. h3 Bb7 16. Nbd4 O-O-O 17. Nxc6 Bxc6 18. Ba6+ Kb8 19. Nd4 Ba8 20. Nb5
Qg5 21. g3 Qh5 22. Qxh5 1-0